01310nam a2200277 a 4500999001700000005001700017008004100034020001800075040002400093041000800117043001200125044000700137082001800144245024700162260007700409300005500486500002200541504005200563650008100615650005900696651004300755700005800798942001500856949001900871952014200890 c20690d2069020200103123848.0140531s2007 ck a gr 000 0dspa d a9789584417121 aCO-BoBLA cCO-BoBLA aspa as-ck--- ack04a333.72 bA14s00aSoporte conceptual del sistema de información ambiental territorial del pacífico colombiano : buna herramienta pertinente para la gestión de la información ambiental en la eco-región ccompilación Helcías José Ayala Mosquera. aQuibdo,bInstituto de Investigaciones Ambientales del Pacífico,c2007. a46 páginas : bilustraciones ; c26.8 x 21.2 cm. aGlosario : p. 43. aIncluye referencias bibliográficas (p. 45-46) 0aSistemas de información ambientalzPacífico (Región, Colombia)9102247 0aMedio ambientezRegión pacífica (Colombia)9102248 0aPacífica (Región, Colombia)9782741 aAyala Mosquera, Helcias José, ecompilador.9102249 2ddccLIBRO an bn 00102ddc40708GENERALaBogotabBogotad2020-01-03l0oLB-333.72 A14sp043975r2020-01-03 00:00:00tEj. 1w2020-01-03xDonacionyLIBRO